00384nam a22001217a 4500082002400000100002800024245007800052260005500130300001000185650003100195650002300226650001300249 aM 494.812 09bKUN/K aKunjan Pillai Ilamkulam aKeralabhashayude Vikaasaparinaamangal Part 1/cby Kunjan Pillai Ilamkulam aKottayam:bSahitya Pravarthaka Cooperative,c1997. a208p. aLanguage Malayalam History aLanguage Malayalam aLanguage